Extending a RISC-V processor with bit instructions

Enregistré dans:
Détails bibliographiques
Auteur principal: Putiatin, Kirill (Auteur)
Autres auteurs: Mach, Ján (Directeur de thèse)
Format: Manuscrit Livre
Langue:slovaque
anglais
Publié: 2025
Sujets:
Accès en ligne:http://is.stuba.sk/zp/portal_zp.pl?podrobnosti=172346
Tags: Ajouter un tag
Pas de tags, Soyez le premier à ajouter un tag!

MARC

LEADER 00000ntm a22000003a 4500
001 stuzp97040
003 SK-STU
005 20250614210425.9
007 ta
008 150427s2015----xo-----f-mn---000-0-slo-d
040 |a STU  |b slo 
041 0 |a eng 
100 1 |a Putiatin, Kirill  |u 070200  |4 aut  |U FIIT Fakulta informatiky a informačných technológií  |T FIIT Ústav informatiky, informačných systémov a softvérového inžinierstva  |X 117576  |U I200  |Y 179  |7 117576 
242 0 1 |a Rozšírenie RISC-V procesora o bitové inštrukcie  |y slo 
245 1 0 |a Extending a RISC-V processor with bit instructions 
260 |c 2025 
650 4 |a SystemVerilog  |2 eng 
650 4 |a bit manipulation  |2 eng 
650 4 |a RISC-V  |2 eng 
650 4 |a Embench  |2 eng 
650 4 |a SystemVerilog  |2 slo 
650 4 |a Embench  |2 slo 
650 4 |a manipulácia s bitmi  |2 slo 
650 4 |a RISC-V  |2 slo 
700 1 |a Mach, Ján  |u 070200  |k Z3  |4 ths  |U FIIT Fakulta informatiky a informačných technológií  |T FIIT Ústav informatiky, informačných systémov a softvérového inžinierstva  |X 92443  |U I200  |Y 179  |7 92443 
856 4 |u http://is.stuba.sk/zp/portal_zp.pl?podrobnosti=172346